[Event "DOM-ch (Women)"]
[Site "Santo Domingo"]
[Date "2019.03.09"]
[Round "7"]
[White "Castillo Pena, Patricia Evarista"]
[Black "Sanchez Marcelino, Jennifer"]
[Result "1/2-1/2"]
[WhiteElo "1795"]
[BlackElo "1506"]
[PlyCount "32"]
[EventDate "2019.03.01"]
[EventType "swiss"]
[EventRounds "8"]
[EventCountry "DOM"]
[SourceTitle "CBM 189 Extra"]
[Source "ChessBase"]
[SourceDate "2019.06.03"]
[SourceVersion "1"]
[SourceVersionDate "2019.06.03"]
[SourceQuality "1"]

1. d4 Nf6 2. Nf3 e6 3. e3 d5 4. Bd3 Be7 5. 0-0 0-0 6. b3 b6 7. Bb2 Bb7 8. Nbd2 c5 9. Ne5 Nc6 10. a3 a6 11. f4 b5 12. c4 bxc4 13. bxc4 cxd4 14. exd4 dxc4 15. Ndxc4 Nxd4 16. Bxh7+ Nxh7 1/2-1/2

[Event "DOM-ch (Women)"]
[Site "Santo Domingo"]
[Date "2018.03.10"]
[Round "3"]
[White "Munoz Bonifacio, Julia Elena"]
[Black "Sanchez Marcelino, Jennifer"]
[Result "0-1"]
[WhiteElo "1258"]
[BlackElo "1537"]
[PlyCount "59"]
[EventDate "2018.03.09"]
[EventType "swiss"]
[EventRounds "8"]
[EventCountry "DOM"]
[SourceTitle "CBM 183 Extra"]
[Source "ChessBase"]
[SourceDate "2018.04.19"]
[SourceVersion "1"]
[SourceVersionDate "2018.04.19"]
[SourceQuality "1"]

1. e4 e5 2. Nf3 Nc6 3. Bc4 Bc5 4. Nc3 Nf6 5. d3 d6 6. Be3 Bb6 7. d4 exd4 8. Nxd4 Nxd4 9. Bxd4 0-0 10. 0-0 Be6 11. Bb3 Bxd4 12. Qxd4 c5 13. Qd1 c4 14. Ba4 a6 15. Re1 b5 16. Bb3 cxb3 17. axb3 Re8 18. Qf3 Bg4 19. Qf4 Bh5 20. h3 Bg6 21. f3 Qb6+ 22. Kh1 Re5 23. Rad1 Rae8 24. Re2 Nh5 25. Qh4 Qd8 26. Qxd8 Rxd8 27. Rd5 Ng3+ 28. Kh2 Nxe2 29. Nxe2 Rxd5 30. exd5 0-1